Corporate governance správa a řízení obchodních společností

Salvato in:
Dettagli Bibliografici
Autore principale: Klírová, Jana
Natura: Libro
Lingua:ceco
Pubblicazione: Praha MANAGEMENT PRESS 2001
Soggetti:
Tags: Aggiungi Tag
Nessun Tag, puoi essere il primo ad aggiungerne!!

MARC

LEADER 00000nam$a2200000$$$4500
001 0013126
005 20221129100826.4
020 |a 80-7261-052-X 
041 0 |a cze 
044 |a CZ 
245 1 0 |a Corporate governance  |b správa a řízení obchodních společností  |c Jana Klírová 
264 1 |a Praha  |b MANAGEMENT PRESS  |c 2001 
300 |a 126 s. 
610 2 0 |a spoločnosti obchodné 
610 2 0 |a riadenie 
610 2 0 |a riadenie podnikové 
610 2 0 |a správa podniku 
610 2 0 |a riadenie vrcholové 
610 2 0 |a manažéri 
610 2 0 |a manažment 
100 1 |a Klírová, Jana